5HLuxD.jpg

KING HENRY VIII SENIOR AND PRIMARY SCHOOL LIBRARY OPAC

Cambridge learner's dictionary. (Record no. 432)

000 -LEADER
fixed length control field 00956nam a2200337 a 4500
001 - CONTROL NUMBER
control field 019421384
003 - CONTROL NUMBER IDENTIFIER
control field UkOxU
005 - DATE AND TIME OF LATEST TRANSACTION
control field 20190814142741.0
006 - FIXED-LENGTH DATA ELEMENTS--ADDITIONAL MATERIAL CHARACTERISTICS
fixed length control field m m
007 - PHYSICAL DESCRIPTION FIXED FIELD--GENERAL INFORMATION
fixed length control field co mg ---muuuu
008 - FIXED-LENGTH DATA ELEMENTS--GENERAL INFORMATION
fixed length control field 120330s2012 enk 000 0 eng|d
015 ## - NATIONAL BIBLIOGRAPHY NUMBER
National bibliography number GBB233642
Source bnb
020 ## - INTERNATIONAL STANDARD BOOK NUMBER
International Standard Book Number 9781107660151 (pbk.) :
020 ## - INTERNATIONAL STANDARD BOOK NUMBER
International Standard Book Number 1107660157 (pbk.) :
035 ## - SYSTEM CONTROL NUMBER
System control number (Uk)016062966
035 ## - SYSTEM CONTROL NUMBER
System control number (StEdALDL)1/2789716
040 ## - CATALOGING SOURCE
Original cataloging agency StDuBDS
Language of cataloging eng
Transcribing agency StDuBDS
Modifying agency UkOxU
049 ## - LOCAL HOLDINGS (OCLC)
Holding library CROBAR
082 04 - DEWEY DECIMAL CLASSIFICATION NUMBER
Classification number 423 CAM
Edition number 23
245 00 - TITLE STATEMENT
Title Cambridge learner's dictionary.
250 ## - EDITION STATEMENT
Edition statement 4th ed.
260 ## - PUBLICATION, DISTRIBUTION, ETC.
Place of publication, distribution, etc. Cambridge :
Name of publisher, distributor, etc. Cambridge University Press,
Date of publication, distribution, etc. 2012.
300 ## - PHYSICAL DESCRIPTION
Extent xvii, 872 p. ;
Dimensions 24 cm. +
Accompanying material 1 CD-ROM (4 3/4 in.)
500 ## - GENERAL NOTE
General note Previous ed.: 2007.
650 #0 - SUBJECT ADDED ENTRY--TOPICAL TERM
Topical term or geographic name entry element English language
Form subdivision Dictionaries.
942 ## - ADDED ENTRY ELEMENTS (KOHA)
Source of classification or shelving scheme
Koha item type Reference
980 ## - EQUIVALENCE OR CROSS-REFERENCE-SERIES STATEMENT--PERSONAL NAME/TITLE [LOCAL, CANADA]
Miscellaneous information 1
Date of a work 1/2789716
981 ## - EQUIVALENCE OR CROSS-REFERENCE-SERIES STATEMENT--CORPORATE NAME/TITLE [LOCAL, CANADA]
Date of meeting or treaty signing Agency file oxf2012-48.1
Holdings
Withdrawn status Lost status Source of classification or shelving scheme Damaged status Not for loan Collection code Permanent Location Current Location Shelving location Date acquired Full call number Barcode Date last seen Price effective from Koha item type Public note Total Checkouts Date due Date last checked out
          Reference KH8 Senior School Library KH8 Senior School Library Reference 2019-08-14 423 CAM 3KHSL000101011 2019-08-14 2019-08-14 Reference        
          Reference KH8 Senior School Library KH8 Senior School Library Audio Visual 2019-08-14 A 423 CAM 3KHSL000101930 2019-08-14 2019-08-14 Multimedia Resources CDROM      
          Teaching Resources KH8 Senior School Library KH8 Senior School Library Staff Office 2023-08-23 423 CAM TRKHSL002273 2024-11-07 2023-08-23 Teaching Resources   1 2025-07-04 2024-11-07
          Teaching Resources KH8 Senior School Library KH8 Senior School Library Staff Office 2023-08-23 423 CAM TRKHSL002274 2024-11-07 2023-08-23 Teaching Resources   1 2025-07-07 2024-11-07
          Teaching Resources KH8 Senior School Library KH8 Senior School Library Staff Office 2023-08-23 423 CAM TRKHSL002275 2024-11-07 2023-08-23 Teaching Resources   1 2025-07-07 2024-11-07
          Teaching Resources KH8 Senior School Library KH8 Senior School Library Staff Office 2023-08-23 423 CAM TRKHSL002276 2024-11-07 2023-08-23 Teaching Resources   1 2025-07-04 2024-11-07
          Teaching Resources KH8 Senior School Library KH8 Senior School Library Staff Office 2023-08-23 423 CAM TRKHSL002277 2024-11-07 2023-08-23 Teaching Resources   1 2025-07-04 2024-11-07

Powered By KH8 IT Dept